[Event "Master Rochefort 2020"]
[Site "Palais des Congres Rochefort"]
[Date "2020.02.22"]
[Round "3.9"]
[White "Doyen, Remi"]
[Black "Martin Duque, Jesus"]
[Result "1/2-1/2"]
[WhiteElo "2242"]
[BlackElo "2446"]
[PlyCount "119"]
[EventDate "2020.??.??"]
[WhiteTeam "AGJA-Echiquier Aquitaine"]

1. e4 c5 2. Nc3 Nc6 3. Nf3 e6 4. d4 cxd4 5. Nxd4 Qc7 6. f4 Nxd4 7. Qxd4 b6 8.
Be3 Bb7 9. O-O-O Rc8 10. Bb5 Nf6 11. Ba4 Bc5 12. Qd3 O-O 13. Bxc5 Qxc5 14. Rhe1
d5 15. e5 Ne4 16. Nxe4 dxe4 17. Qd4 b5 18. Qxc5 Rxc5 19. Bb3 a5 20. a4 bxa4 21.
Bxa4 Bd5 22. c3 Rb8 23. Bc2 Rcb5 24. Bxe4 Rxb2 25. Bxd5 exd5 26. Rxd5 Rxg2 27.
Red1 h5 28. Rd8+ Rxd8 29. Rxd8+ Kh7 30. c4 g5 31. c5 gxf4 32. c6 f3 33. Rd6 f5
34. Rd3 Rg6 35. Kd2 Rxc6 36. Rxf3 Kg6 37. Rg3+ Kf7 38. Kd3 Rg6 39. Rh3 Ke6 40.
Rxh5 Kxe5 41. Rh8 Rg4 42. Ke3 a4 43. Ra8 Rh4 44. Ra5+ Kf6 45. Kf3 Kg5 46. Kg2
Rb4 47. h3 Kf4 48. h4 Kg4 49. h5 f4 50. h6 Rb2+ 51. Kg1 Rb6 52. Rxa4 Kg3 53.
Ra1 f3 54. h7 Rh6 55. Ra2 Rxh7 56. Rg2+ Kf4 57. Rg8 Re7 58. Kf2 Re2+ 59. Kf1
Re7 60. Kf2 1/2-1/2

[Event "Master Rochefort 2020"]
[Site "Palais des Congres Rochefort"]
[Date "2020.02.22"]
[Round "3.10"]
[White "Bystrov, Sergej M."]
[Black "Prie, Eric"]
[Result "0-1"]
[WhiteElo "2206"]
[BlackElo "2423"]
[PlyCount "48"]
[EventDate "2020.??.??"]
[BlackTeam "Club d' Echecs de Plaisance du Touch"]

1. d4 Nf6 2. Nf3 c5 3. e3 g6 4. b3 Bg7 5. Bb2 cxd4 6. exd4 O-O 7. Bd3 Nc6 8. a3
d5 9. Nbd2 Nh5 10. O-O Nf4 11. Bb5 Bg4 12. Bxc6 bxc6 13. Re1 Qd7 14. Kf1 c5 15.
c3 cxd4 16. cxd4 Rab8 17. b4 a5 18. Qb3 Bxf3 19. Qxf3 Ne6 20. Bc3 axb4 21. Bxb4
Nxd4 22. Qd3 Nc6 23. Rab1 Rfc8 24. Nf3 e6 0-1

[Event "Master Rochefort 2020"]
[Site "Palais des Congres Rochefort"]
[Date "2020.02.22"]
[Round "3.11"]
[White "Jolly, Jean-Francois"]
[Black "Berger Dit Lacroix, Kilian"]
[Result "1-0"]
[WhiteElo "2386"]
[BlackElo "2109"]
[Annotator "chris"]
[PlyCount "121"]
[EventDate "2020.??.??"]
[WhiteTeam "Agneaux Saint-Lô"]
[BlackTeam "Echecs Club de Corbas Mions"]

1. c4 Nf6 2. g3 g6 3. Bg2 Bg7 4. Nc3 O-O 5. Nf3 d6 6. O-O e5 7. d3 Nc6 8. Rb1
a5 9. a3 Re8 10. Bg5 h6 11. Bxf6 Bxf6 12. b4 axb4 13. axb4 Bg7 14. b5 Nd4 15.
Nd2 Ra3 16. Nb3 c6 17. e3 Nxb3 18. Rxb3 Bg4 19. Qb1 Rxb3 20. Qxb3 Qc8 21. Ra1
Be6 22. Ne4 Rd8 23. bxc6 bxc6 24. Qb6 f5 25. Nd2 e4 26. Ra7 exd3 27. Bxc6 Qb8
28. Rb7 Qc8 29. Qa5 Kh7 30. Bd5 Bxd5 31. Qxd5 Qa8 32. Kg2 Rc8 33. h4 Kh8 34.
Qf7 Rg8 35. Nf3 Qe8 36. Qxe8 Rxe8 37. Rb3 Rc8 38. Rxd3 Rxc4 39. Rxd6 Kh7 40. h5
g5 41. Rd5 f4 42. exf4 gxf4 43. g4 Bf6 44. Ne5 Ra4 45. Kf3 Kg7 46. Rd7+ Kg8 47.
Nd3 Bg5 48. Nc5 Rb4 49. Ne6 Rb3+ 50. Kg2 Bh4 51. Nxf4 Rb4 52. Ng6 Bxf2 53. Rd8+
Kg7 54. Kxf2 Rxg4 55. Rd6 Rg5 56. Nf4 Kh7 57. Kf3 Ra5 58. Ke4 Kg7 59. Nd5 Ra1
60. Rg6+ Kh7 61. Nf6+ 1-0

[Event "Master Rochefort 2020"]
[Site "Palais des Congres Rochefort"]
[Date "2020.02.22"]
[Round "3.13"]
[White "Besson, Bastien"]
[Black "Mariette, Lucas"]
[Result "1-0"]
[WhiteElo "2181"]
[BlackElo "2285"]
[PlyCount "76"]
[EventDate "2020.??.??"]
[WhiteTeam "Cercle d'Echecs de Nantes"]
[BlackTeam "Club d'Echecs de Marennes-Oleron"]

1. e4 e5 2. Nf3 Nc6 3. d4 exd4 4. Bc4 Bc5 5. c3 Nf6 6. e5 d5 7. Bb5 Ne4 8. cxd4
Bb6 9. Be3 O-O 10. Nc3 f6 11. Qb3 Nxc3 12. Bxc6 bxc6 13. Qxc3 Bg4 14. exf6 Bxf3
15. fxg7 Rf7 16. gxf3 Qf6 17. O-O-O Re8 18. Rhg1 Re6 19. Rg3 Rxg7 20. Rdg1 Rg6
21. a4 a5 22. Qd3 Kf7 23. Kb1 Ke8 24. Ka2 Kd7 25. Rg4 Qxf3 26. Rxg6 hxg6 27.
Rxg6 Qf7 28. Rg4 Qh5 29. Rg7+ Re7 30. Rg6 Re4 31. Rh6 Qf7 32. Qc2 c5 33. dxc5
d4+ 34. Kb1 dxe3 35. c6+ Kc8 36. Qxe4 Kb8 37. Rh8+ Ka7 38. Qd3 exf2 1-0

[Event "Master Rochefort 2020"]
[Site "Palais des Congres Rochefort"]
[Date "2020.02.22"]
[Round "3.14"]
[White "Parnali, S Dharia"]
[Black "Sanchez, Nicolas"]
[Result "0-1"]
[WhiteElo "2275"]
[BlackElo "2107"]
[PlyCount "66"]
[EventDate "2020.??.??"]
[BlackTeam "Maison des Echecs Toulouse Lardenne"]

1. d4 Nf6 2. c4 g6 3. Nc3 Bg7 4. e4 d6 5. f3 a6 6. Be3 Nc6 7. Nge2 O-O 8. Qd2
Rb8 9. Rc1 Bd7 10. d5 Ne5 11. Nd4 c5 12. dxc6 Nxc6 13. Be2 Nxd4 14. Bxd4 Bc6
15. O-O a5 16. Rfd1 Ra8 17. Be3 Nd7 18. Qe1 b6 19. Rc2 Qc7 20. b3 Nc5 21. Nd5
Qb7 22. Qh4 Bxd5 23. cxd5 Qd7 24. Qf2 f5 25. exf5 Qxf5 26. Bb5 Be5 27. Qh4 Qxc2
28. Rc1 Qf5 29. Qxe7 Rf7 30. Qh4 Bf4 31. Re1 g5 32. Qh5 Re7 33. g4 Qg6 0-1

[Event "Master Rochefort 2020"]
[Site "Palais des Congres Rochefort"]
[Date "2020.02.22"]
[Round "3.15"]
[White "Le Pen, Steven"]
[Black "Sahil, Tickoo"]
[Result "1-0"]
[WhiteElo "2047"]
[BlackElo "2275"]
[PlyCount "109"]
[EventDate "2020.??.??"]
[WhiteTeam "Echiquier de l'Erdre"]

1. e4 e5 2. Nf3 Nc6 3. Bb5 a6 4. Ba4 Nf6 5. d3 Bc5 6. Bxc6 dxc6 7. h3 Bd6 8.
O-O c5 9. Nbd2 Nd7 10. a4 Nf8 11. Nc4 Ng6 12. Bg5 f6 13. Be3 Be6 14. Nxd6+ cxd6
15. c3 O-O 16. d4 cxd4 17. cxd4 Rc8 18. d5 Bd7 19. Qb3 b5 20. Qb4 Qe7 21. Rfc1
bxa4 22. Qb7 Rb8 23. Qxa6 Ra8 24. Qe2 Rfc8 25. Nd2 Rab8 26. Rxc8+ Rxc8 27. Qa6
Rb8 28. Nc4 Bb5 29. Qxd6 Qxd6 30. Nxd6 Bd7 31. Nc4 Rb4 32. Rc1 Nf4 33. Bxf4
exf4 34. e5 fxe5 35. Nxe5 Bf5 36. d6 Rxb2 37. d7 Bxd7 38. Nxd7 a3 39. Ne5 Rb8
40. Ra1 Ra8 41. Ra2 Ra4 42. Kf1 g5 43. Nf3 h6 44. Ne1 Kg7 45. Ke2 h5 46. Nc2 g4
47. Rxa3 f3+ 48. gxf3 Rxa3 49. Nxa3 gxh3 50. Kf1 Kf6 51. Kg1 Ke5 52. Nc2 Kf4
53. Ne1 Kg5 54. Kh2 Kh4 55. Nd3 1-0

[Event "Master Rochefort 2020"]
[Site "Palais des Congres Rochefort"]
[Date "2020.02.22"]
[Round "3.16"]
[White "Girard, Eric"]
[Black "Coursaget, Nicolas"]
[Result "1/2-1/2"]
[WhiteElo "2011"]
[BlackElo "2245"]
[PlyCount "66"]
[EventDate "2020.??.??"]
[WhiteTeam "Cavalier de l'Espérance Cercle J.J. Paur"]
[BlackTeam "Club d'Echecs Lexovien"]

1. c4 c5 2. Nf3 Nf6 3. Nc3 Nc6 4. d4 cxd4 5. Nxd4 e5 6. Ndb5 d6 7. g3 a6 8. Na3
Be7 9. Bg2 O-O 10. O-O Be6 11. b3 Rc8 12. Bb2 Qa5 13. Nd5 Bxd5 14. cxd5 Nb8 15.
Nc4 Qd8 16. Qd2 Nbd7 17. Rac1 b6 18. Rfd1 Ne8 19. e4 g6 20. Ne3 Rxc1 21. Rxc1
f5 22. exf5 gxf5 23. Qc2 Bg5 24. Nxf5 Bxc1 25. Bxc1 Qf6 26. Bh3 Kh8 27. b4 Qg6
28. Bh6 Rg8 29. Qc6 Ndf6 30. Be3 Qh5 31. Kg2 Qd1 32. Nh6 Qxd5+ 33. Qxd5 Nxd5
1/2-1/2

[Event "Master Rochefort 2020"]
[Site "Palais des Congres Rochefort"]
[Date "2020.02.22"]
[Round "4.6"]
[White "Sanchez, Nicolas"]
[Black "Bogdanov, Egor"]
[Result "1/2-1/2"]
[WhiteElo "2107"]
[BlackElo "2433"]
[PlyCount "96"]
[EventDate "2020.??.??"]
[WhiteTeam "Maison des Echecs Toulouse Lardenne"]

1. d4 Nf6 2. c4 g6 3. Nc3 Bg7 4. e4 O-O 5. Nf3 d6 6. Be2 e5 7. O-O exd4 8. Nxd4
Re8 9. f3 c6 10. Kh1 Nbd7 11. Bg5 Qa5 12. Be3 Qe5 13. Nc2 Nc5 14. Qd2 Rd8 15.
Rad1 b6 16. Bf4 Qe8 17. e5 Nh5 18. Bg5 f6 19. exf6 Nxf6 20. Rfe1 Qf8 21. Nd4
Bd7 22. Bf1 Re8 23. b4 Nb7 24. b5 c5 25. Nc2 Be6 26. Ne3 Qf7 27. Bd3 Na5 28.
Ne4 Rad8 29. Qc2 Nxe4 30. Bxe4 Bf6 31. Bxf6 Qxf6 32. Kg1 Re7 33. Nd5 Bxd5 34.
Bxd5+ Kg7 35. Rxe7+ Qxe7 36. Qc3+ Qe5 37. Qxe5+ dxe5 38. Re1 Kf6 39. Kf2 Rd7
40. Ke3 g5 41. g3 h5 42. h3 a6 43. Rb1 axb5 44. Rxb5 Rd6 45. Rb1 h4 46. g4 Ke7
47. Ke4 Kf6 48. Ke3 Ke7 1/2-1/2

[Event "Master Rochefort 2020"]
[Site "Palais des Congres Rochefort"]
[Date "2020.02.22"]
[Round "4.7"]
[White "Prie, Eric"]
[Black "Stets, Dmitry"]
[Result "1-0"]
[WhiteElo "2423"]
[BlackElo "2358"]
[PlyCount "76"]
[EventDate "2020.??.??"]
[WhiteTeam "Club d' Echecs de Plaisance du Touch"]
[BlackTeam "Rouen Echecs"]

1. d4 Nf6 2. Bf4 g6 3. Nc3 d5 4. e3 c6 5. h4 h5 6. Nf3 Bg4 7. Qd2 Bxf3 8. gxf3
Nbd7 9. e4 e6 10. a3 a6 11. Bd3 b5 12. Ne2 Be7 13. c3 Nh7 14. Bg3 Nb6 15. Nf4
Nf6 16. Qe2 Bd6 17. Nh3 Be7 18. Ng5 Nh7 19. Nxh7 Rxh7 20. Kf1 Kf8 21. b3 Bf6
22. a4 Kg7 23. Kg2 Rh8 24. Kh3 Re8 25. e5 Be7 26. Rhg1 Nd7 27. Bf4 Nf8 28. Bd2
Nh7 29. Qe3 Kh8 30. Qf4 Rf8 31. Rg2 bxa4 32. bxa4 a5 33. Rag1 Qe8 34. Qg3 Rg8
35. f4 Qd7 36. Kh2 Rab8 37. Be2 Qc7 38. Kh1 c5 1-0

[Event "Master Rochefort 2020"]
[Site "Palais des Congres Rochefort"]
[Date "2020.02.22"]
[Round "4.8"]
[White "Le Goff, Ronan"]
[Black "Shirazi, Kamran"]
[Result "1/2-1/2"]
[WhiteElo "2281"]
[BlackElo "2362"]
[PlyCount "97"]
[EventDate "2020.??.??"]
[WhiteTeam "Echiquier Guingampais"]
[BlackTeam "Tremblay en France"]

1. d4 Nf6 2. Nf3 d6 3. g3 Nbd7 4. Bg2 e5 5. c4 g6 6. Nc3 Bg7 7. O-O O-O 8. e4
exd4 9. Nxd4 Re8 10. h3 a6 11. Re1 Rb8 12. Bf4 Ne5 13. Bf1 Bd7 14. Rc1 c6 15.
Nf3 b5 16. Nxe5 dxe5 17. Be3 Qa5 18. Bc5 Rbd8 19. b4 Qc7 20. Qc2 Be6 21. cxb5
axb5 22. a4 bxa4 23. Nxa4 Nd7 24. Be3 Qb7 25. Rb1 Ra8 26. Rec1 Rec8 27. h4 Bf8
28. Nc5 Nxc5 29. Bxc5 Bh6 30. Rd1 Bg4 31. Be2 Bxe2 32. Qxe2 Rd8 33. Bd6 Bg7 34.
Qb2 Qb5 35. Rbc1 Rd7 36. Qc2 Rad8 37. Be7 Rxd1+ 38. Rxd1 Re8 39. Bd6 h5 40. Rc1
Re6 41. Bc5 Qb8 42. Ra1 Bf8 43. Ra6 Kg7 44. Kg2 Rf6 45. Qc3 Bxc5 46. Qxc5 Qb5
47. Qxb5 cxb5 48. Rxf6 Kxf6 49. f3 1/2-1/2

[Event "Master Rochefort 2020"]
[Site "Palais des Congres Rochefort"]
[Date "2020.02.22"]
[Round "4.9"]
[White "Martin Duque, Jesus"]
[Black "Yanayt, Eugene"]
[Result "1-0"]
[WhiteElo "2446"]
[BlackElo "2206"]
[PlyCount "73"]
[EventDate "2020.??.??"]

1. e4 c5 2. Nf3 g6 3. d4 cxd4 4. Nxd4 Bg7 5. c4 Nc6 6. Be3 Qb6 7. Nb3 Qd8 8.
Qd2 Nf6 9. f3 a5 10. Nc3 d6 11. Be2 O-O 12. O-O a4 13. Nd4 Nxd4 14. Bxd4 Qa5
15. Rad1 Be6 16. f4 Rfc8 17. b3 axb3 18. axb3 b5 19. f5 Bd7 20. cxb5 Rab8 21.
Qe3 Re8 22. b6 gxf5 23. exf5 e5 24. fxe6 Rxe6 25. Qg3 Kh8 26. Bc4 Nh5 27. Bxg7+
Nxg7 28. Rxf7 Nf5 29. Rxf5 Qxf5 30. Bxe6 Bxe6 31. Qxd6 Rf8 32. Qd4+ Kg8 33. Nd5
Rf7 34. h4 h5 35. b7 Rxb7 36. Nf6+ Kg7 37. Ne8+ 1-0

[Event "Master Rochefort 2020"]
[Site "Palais des Congres Rochefort"]
[Date "2020.02.22"]
[Round "4.10"]
[White "Colin, Vincent"]
[Black "Lamaze, Simon"]
[Result "1-0"]
[WhiteElo "2359"]
[BlackElo "2185"]
[PlyCount "46"]
[EventDate "2020.??.??"]
[WhiteTeam "Les Tours des Hauts de France - St Quentin"]
[BlackTeam "Echiquier Club Le Mans"]

1. e4 c5 2. Nf3 Nc6 3. Bb5 g6 4. O-O Bg7 5. c3 e5 6. Na3 Nge7 7. Nc4 d5 8. exd5
Qxd5 9. Qa4 Rb8 10. d4 cxd4 11. cxd4 e4 12. Bf4 exf3 13. Ne3 Qh5 14. Bxb8 O-O
15. Bd6 Nxd4 16. Rfd1 a6 17. Bf1 b5 18. Qa3 Nec6 19. Qc5 Qh4 20. g3 Qe4 21.
Bxf8 Bxf8 22. Rxd4 Nxd4 23. Qxc8 f5 1-0

[Event "Master Rochefort 2020"]
[Site "Palais des Congres Rochefort"]
[Date "2020.02.22"]
[Round "4.11"]
[White "Ivanov, Mikhail M"]
[Black "Theon, Pierre"]
[Result "1-0"]
[WhiteElo "2353"]
[BlackElo "2149"]
[PlyCount "57"]
[EventDate "2020.??.??"]
[WhiteTeam "Le Touquet - Cote d'Opale"]
[BlackTeam "Saint Thomas - Le Havre - Echecs"]

1. Nf3 Nf6 2. g3 g6 3. Bg2 Bg7 4. b3 O-O 5. Bb2 c5 6. c4 d5 7. cxd5 Nxd5 8.
Bxg7 Kxg7 9. Qc1 b6 10. h4 h5 11. Qb2+ f6 12. O-O Bb7 13. d4 Nd7 14. Rd1 Qc8
15. Bh3 Rd8 16. e4 Nb4 17. d5 e5 18. Nbd2 Rf8 19. Nc4 Kh7 20. Rac1 Qd8 21. a3
Na6 22. Nd6 Qb8 23. Nxb7 Qxb7 24. Qe2 Rad8 25. Nd2 Nc7 26. Nc4 Qa6 27. g4 Rg8
28. gxh5 gxh5+ 29. Kh2 1-0

[Event "Master Rochefort 2020"]
[Site "Palais des Congres Rochefort"]
[Date "2020.02.22"]
[Round "4.12"]
[White "Nair, Sanjeev"]
[Black "Lucas, Arthur"]
[Result "1/2-1/2"]
[WhiteElo "2172"]
[BlackElo "2290"]
[PlyCount "37"]
[EventDate "2020.??.??"]
[BlackTeam "Cercle d'échecs des Sables d'Olonne"]

1. e4 c5 2. Nf3 Nc6 3. d4 cxd4 4. Nxd4 e5 5. Nb5 d6 6. a4 Be7 7. N1c3 a6 8. Na3
Be6 9. Bc4 Nf6 10. Bg5 O-O 11. Bxf6 Bxf6 12. Nd5 Bg5 13. O-O Rc8 14. c3 Ne7 15.
Qb3 Bxd5 16. Bxd5 Nxd5 17. Qxd5 Qc7 18. Rfd1 Rfd8 19. a5 1/2-1/2

[Event "Master Rochefort 2020"]
[Site "Palais des Congres Rochefort"]
[Date "2020.02.22"]
[Round "4.13"]
[White "Bareyre, Patrick"]
[Black "Doyen, Remi"]
[Result "0-1"]
[WhiteElo "2106"]
[BlackElo "2242"]
[PlyCount "60"]
[EventDate "2020.??.??"]
[WhiteTeam "Aviron Bayonnais Echecs"]
[BlackTeam "AGJA-Echiquier Aquitaine"]

1. d4 d5 2. Bf4 Nf6 3. c3 e6 4. Nf3 Bd6 5. Bg5 Nbd7 6. Nbd2 c5 7. e4 cxd4 8.
Nxd4 h6 9. Bh4 Be7 10. exd5 Nxd5 11. Bg3 O-O 12. Be2 e5 13. Nf5 N7f6 14. Nxe7+
Qxe7 15. O-O Rd8 16. Qc2 e4 17. Rfe1 Bf5 18. Nc4 Rac8 19. Rad1 b5 20. Ne5 Qc5
21. Qb3 a6 22. c4 Nb4 23. a3 Nd3 24. Bxd3 exd3 25. cxb5 Be6 26. Qb4 Qxb4 27.
axb4 d2 28. Rf1 Bb3 29. Nc6 Bxd1 30. Rxd1 Re8 0-1

[Event "Master Rochefort 2020"]
[Site "Palais des Congres Rochefort"]
[Date "2020.02.22"]
[Round "4.14"]
[White "Marie, Maxime"]
[Black "Sabatier, Mathis"]
[Result "0-1"]
[WhiteElo "2239"]
[BlackElo "2089"]
[PlyCount "72"]
[EventDate "2020.??.??"]
[WhiteTeam "Club d'Echecs Lexovien"]
[BlackTeam "Echecs Club de Corbas Mions"]

1. c4 c5 2. g3 Nc6 3. Bg2 g6 4. e3 Bg7 5. Ne2 e5 6. Nbc3 Nge7 7. a3 O-O 8. O-O
d6 9. h3 Be6 10. Nd5 Qd7 11. Kh2 Rab8 12. Nec3 f5 13. d3 a6 14. Rb1 b5 15. b4
bxc4 16. dxc4 e4 17. b5 Ne5 18. bxa6 Rxb1 19. Nxb1 Nxc4 20. Nxe7+ Qxe7 21. Nd2
Nxd2 22. Bxd2 Bc4 23. Qa4 Bxf1 24. Bxf1 d5 25. Bb5 Qa7 26. Bc6 d4 27. Bb7 h5
28. Qd7 Kh7 29. Qc7 Rf6 30. Kg2 Rxa6 31. Qc8 Rd6 32. a4 Qxa4 33. Qxc5 Qd7 34.
Bb4 d3 35. Bc8 Qc6 36. Qa7 d2 0-1

[Event "Master Rochefort 2020"]
[Site "Palais des Congres Rochefort"]
[Date "2020.02.22"]
[Round "4.16"]
[White "Briand, Amaury"]
[Black "Jeet, Jain"]
[Result "0-1"]
[WhiteElo "1896"]
[BlackElo "2223"]
[PlyCount "56"]
[EventDate "2020.??.??"]
[WhiteTeam "Carquefou Echecs"]

1. e4 e5 2. Nf3 Nc6 3. Bc4 Bc5 4. c3 Nf6 5. d4 exd4 6. e5 d5 7. Bb5 Ne4 8. cxd4
Bb6 9. Nc3 O-O 10. Be3 Ne7 11. Qc2 f5 12. exf6 Nxf6 13. O-O c6 14. Bd3 g6 15.
Rfe1 Nf5 16. Na4 Bc7 17. Nc5 Ng4 18. h3 Ngxe3 19. fxe3 Qd6 20. Bxf5 Bxf5 21. e4
dxe4 22. Nxe4 Qd5 23. Qb3 Qxb3 24. axb3 Bxh3 25. Neg5 Bg4 26. Re7 Bb6 27. Nxh7
Bxf3 28. Nxf8 Kxf8 0-1

[Event "Master Rochefort 2020"]
[Site "Palais des Congres Rochefort"]
[Date "2020.02.22"]
[Round "5.7"]
[White "Sabatier, Mathis"]
[Black "Duboue, Peio"]
[Result "0-1"]
[WhiteElo "2089"]
[BlackElo "2421"]
[PlyCount "94"]
[EventDate "2020.??.??"]
[WhiteTeam "Echecs Club de Corbas Mions"]
[BlackTeam "Echiquier de l'Erdre"]

1. d4 d5 2. Nf3 Nf6 3. e3 e6 4. Bd3 Bd6 5. O-O c5 6. b3 Nc6 7. Bb2 O-O 8. Nbd2
cxd4 9. exd4 Qc7 10. a3 e5 11. dxe5 Nxe5 12. Nxe5 Bxe5 13. Bxe5 Qxe5 14. Nf3
Qc7 15. h3 Be6 16. Re1 Rad8 17. Nd4 Bc8 18. Qf3 Qc5 19. Nf5 Bxf5 20. Qxf5 Rfe8
21. a4 Qc3 22. Rxe8+ Rxe8 23. Rd1 g6 24. Qf3 Kg7 25. g4 Qe5 26. Qg3 Qe7 27. Kg2
a6 28. Qf4 Qc5 29. Qd2 d4 30. Re1 Rxe1 31. Qxe1 h5 32. f3 Qg5 33. Qf2 hxg4 34.
hxg4 Qc5 35. Qe2 a5 36. Qe1 b6 37. Qe2 Qg5 38. Qf2 Qf4 39. Be4 Qe5 40. Qg3
Qxg3+ 41. Kxg3 Nxe4+ 42. fxe4 Kf6 43. Kf3 g5 44. Ke2 Ke5 45. Kd3 f6 46. Kc4
Kxe4 47. Kb5 f5 0-1

[Event "Master Rochefort 2020"]
[Site "Palais des Congres Rochefort"]
[Date "2020.02.22"]
[Round "5.8"]
[White "Jolly, Jean-Francois"]
[Black "Sanchez, Nicolas"]
[Result "1-0"]
[WhiteElo "2386"]
[BlackElo "2107"]
[PlyCount "51"]
[EventDate "2020.??.??"]
[WhiteTeam "Agneaux Saint-LÃ´"]
[BlackTeam "Maison des Echecs Toulouse Lardenne"]

1. e4 c5 2. Nf3 Nc6 3. c3 d5 4. exd5 Qxd5 5. d4 cxd4 6. cxd4 Bg4 7. Be2 e6 8.
Nc3 Qa5 9. h3 Bh5 10. d5 exd5 11. Nd4 Nxd4 12. Bxh5 Nc6 13. O-O Be7 14. Qb3 Qb4
15. Nxd5 Qxb3 16. axb3 Rd8 17. Nxe7 Ngxe7 18. Be3 a6 19. Bb6 Rd5 20. Be2 Rd2
21. Bf3 O-O 22. Rab1 Rd3 23. b4 g6 24. Rfd1 Rb3 25. Bc5 Re8 26. Re1 1-0

[Event "Master Rochefort 2020"]
[Site "Palais des Congres Rochefort"]
[Date "2020.02.22"]
[Round "5.9"]
[White "Doyen, Remi"]
[Black "Colin, Vincent"]
[Result "0-1"]
[WhiteElo "2242"]
[BlackElo "2359"]
[PlyCount "66"]
[EventDate "2020.??.??"]
[WhiteTeam "AGJA-Echiquier Aquitaine"]
[BlackTeam "Les Tours des Hauts de France - St Quentin"]

1. e4 e5 2. Nf3 Nc6 3. Bb5 a6 4. Ba4 g6 5. O-O Bg7 6. c3 d6 7. d4 Bd7 8. dxe5
dxe5 9. Bg5 Nge7 10. Qe2 h6 11. Be3 O-O 12. Rd1 Kh7 13. Nbd2 b6 14. Nf1 Qc8 15.
Ng3 Be6 16. Bb3 a5 17. Bd5 f5 18. Bxe6 Qxe6 19. exf5 gxf5 20. Bg5 Rae8 21. Bxe7
Rxe7 22. Qb5 e4 23. Nd2 Qg6 24. Re1 Ne5 25. Re2 f4 26. Ndxe4 fxg3 27. Nxg3 Qg5
28. a4 Ng6 29. Rxe7 Qxe7 30. Qd3 Rd8 31. Qc2 Qd6 32. Qf5 Qf4 33. Qc2 Rd2 0-1

[Event "Master Rochefort 2020"]
[Site "Palais des Congres Rochefort"]
[Date "2020.02.22"]
[Round "5.10"]
[White "Mohite, Ranveer"]
[Black "Suarez Uriel, Adrian"]
[Result "0-1"]
[WhiteElo "2231"]
[BlackElo "2371"]
[PlyCount "92"]
[EventDate "2020.??.??"]
[BlackTeam "Echiquier Bordelais"]

1. e4 c5 2. Nf3 d6 3. d4 cxd4 4. Nxd4 Nf6 5. Nc3 Bd7 6. Bg5 e6 7. Qd2 h6 8.
Bxf6 Qxf6 9. Ndb5 Bxb5 10. Bxb5+ Nc6 11. O-O-O Qd8 12. Kb1 Qb6 13. f4 O-O-O 14.
Qd3 Be7 15. f5 Bf6 16. Na4 Qc7 17. fxe6 fxe6 18. Bc4 Rhe8 19. Bb3 Kb8 20. Nc3
a6 21. Rhf1 Qa5 22. Ne2 Ne5 23. Qg3 Qb6 24. c3 Qc6 25. Nd4 Qxe4+ 26. Ka1 Qg4
27. Nxe6 Qxg3 28. hxg3 Rd7 29. Nf4 Ng4 30. Nd5 Be5 31. Bc2 Rdd8 32. Rf7 g5 33.
a4 Bxg3 34. Rd4 Re1+ 35. Ka2 Ne5 36. Rh7 a5 37. Rxh6 Re2 38. Bb3 Rxg2 39. Nb6
Ka7 40. Rf6 Nc6 41. Rc4 Bf4 42. Re4 Bc1 43. Kb1 Bxb2 44. Re3 Ba3 45. Nc4 Bc5
46. Rg6 g4 0-1

[Event "Master Rochefort 2020"]
[Site "Palais des Congres Rochefort"]
[Date "2020.02.22"]
[Round "5.11"]
[White "Shirazi, Kamran"]
[Black "Bystrov, Sergej M."]
[Result "1-0"]
[WhiteElo "2362"]
[BlackElo "2206"]
[PlyCount "41"]
[EventDate "2020.??.??"]
[WhiteTeam "Tremblay en France"]

1. c4 f5 2. g4 fxg4 3. h3 gxh3 4. Nxh3 e5 5. Nc3 Nc6 6. f4 Nf6 7. fxe5 Nxe5 8.
d4 Nxc4 9. e4 d5 10. Bg5 Be7 11. Bxc4 Bxh3 12. Bxf6 Bxf6 13. Qh5+ g6 14. Qxd5
Bh4+ 15. Kd2 Bg5+ 16. Kd3 Qxd5 17. Nxd5 O-O-O 18. Rxh3 c6 19. Nc3 Bf6 20. Be6+
Kc7 21. d5 1-0

[Event "Master Rochefort 2020"]
[Site "Palais des Congres Rochefort"]
[Date "2020.02.22"]
[Round "5.13"]
[White "Lucas, Arthur"]
[Black "Berger Dit Lacroix, Kilian"]
[Result "1-0"]
[WhiteElo "2290"]
[BlackElo "2109"]
[PlyCount "39"]
[EventDate "2020.??.??"]
[WhiteTeam "Cercle d'echecs des Sables d'Olonne"]
[BlackTeam "Echecs Club de Corbas Mions"]

1. e4 c5 2. Nc3 g6 3. h4 h5 4. d4 cxd4 5. Qxd4 Nf6 6. Bg5 Nc6 7. Qd2 Bg7 8.
O-O-O d6 9. Kb1 Qb6 10. f3 Be6 11. Nge2 Rc8 12. Nf4 Bxa2+ 13. Nxa2 Nxe4 14. Qc1
Nf2 15. Nd5 Qa5 16. Bc4 Nxh1 17. Rxh1 Nd4 18. Qe3 Nf5 19. Qd3 Be5 20. b4 1-0

[Event "Master Rochefort 2020"]
[Site "Palais des Congres Rochefort"]
[Date "2020.02.22"]
[Round "5.15"]
[White "Shailesh, Dravid"]
[Black "Nair, Sanjeev"]
[Result "1-0"]
[WhiteElo "2269"]
[BlackElo "2172"]
[PlyCount "59"]
[EventDate "2020.??.??"]

1. d4 Nf6 2. Nf3 g6 3. Nc3 Bg7 4. e4 d6 5. Be2 O-O 6. h3 a6 7. a4 Nc6 8. d5 Nb4
9. a5 e6 10. O-O exd5 11. exd5 c6 12. dxc6 Nxc6 13. Bg5 h6 14. Bh4 g5 15. Bg3
d5 16. h4 Ne4 17. hxg5 Nxc3 18. bxc3 hxg5 19. Qd2 Bf6 20. Bd3 Kg7 21. Rae1 Be6
22. Ne5 Rc8 23. f4 d4 24. Nxc6 Rxc6 25. fxg5 Bxg5 26. Be5+ Kg8 27. Qd1 Bh6 28.
Rf6 Bc8 29. Qf3 Bg7 30. Qh5 1-0

[Event "Master Rochefort 2020"]
[Site "Palais des Congres Rochefort"]
[Date "2020.02.22"]
[Round "5.16"]
[White "Besson, Bastien"]
[Black "Dalaud, Dorian"]
[Result "1/2-1/2"]
[WhiteElo "2181"]
[BlackElo "2236"]
[PlyCount "30"]
[EventDate "2020.??.??"]
[WhiteTeam "Cercle d'Echecs de Nantes"]
[BlackTeam "Cercle d'Echecs de Nantes"]

1. e4 e6 2. d4 d5 3. Nc3 Nf6 4. exd5 exd5 5. Bd3 c5 6. dxc5 Bxc5 7. Qe2+ Be6 8.
Bg5 O-O 9. O-O-O Nbd7 10. Bb5 Qa5 11. Bxd7 Nxd7 12. Qb5 Qb6 13. Qxb6 Nxb6 14.
Bh4 h6 15. Nge2 Rac8 1/2-1/2

[Event "Master Rochefort 2020"]
[Site "Palais des Congres Rochefort"]
[Date "2020.02.22"]
[Round "5.17"]
[White "Le Pen, Steven"]
[Black "Marie, Maxime"]
[Result "1-0"]
[WhiteElo "2047"]
[BlackElo "2239"]
[PlyCount "63"]
[EventDate "2020.??.??"]
[WhiteTeam "Echiquier de l'Erdre"]
[BlackTeam "Club d'Echecs Lexovien"]

1. e4 c5 2. Nf3 Nc6 3. d4 cxd4 4. Nxd4 Nf6 5. Nc3 e5 6. Ndb5 d6 7. Bg5 a6 8.
Na3 b5 9. Bxf6 gxf6 10. Nd5 Bg7 11. Bd3 Be6 12. c3 f5 13. Nxb5 axb5 14. Bxb5
Bd7 15. exf5 O-O 16. O-O Nb8 17. f6 Bxf6 18. Nxf6+ Qxf6 19. Bxd7 Nxd7 20. Qg4+
Kh8 21. Qxd7 Rg8 22. Qc6 Rac8 23. Qe4 h5 24. f4 Rg4 25. h3 Rh4 26. Kh2 Rg8 27.
g3 Qg7 28. Rg1 Rxh3+ 29. Kxh3 Qg4+ 30. Kh2 h4 31. Rae1 f5 32. Qe3 1-0